00402nam a2200181Ia 4500003000900000008004100009040001300050040001300063041000800076100001400084100000900098245006300107250001100170260001400181260000900195300001000204490000600214IT-RoPAU120407s9999 xx 000 0 und d aIT-RoPAU cIT-RoPAU aita aGut Benno cosb. aIntroductio in sacros utriusque Testamenti Libros. 5a. ed. aNapoli aD’Auria c1946 c23 cm v3